000 00601nam a2200193 a 4500
001 000025173
005 20200930023615.0
008 110210s1970 mx r 000 0 spa d
040 _aDO-SdBNP
_bspa
_cBNPHU
082 _a923.272
_bZ35B
100 1 _aBlanco Moheno, Roberto.
_951641
245 1 0 _aZapata /
_cRoberto Blanco Moheno.
260 _aMéxico, D. F. :
_bEditorial Diana,
_c1970.
300 _a293 p. ;
_c22 cm.
600 1 4 _aZAPATA, EMILIANO, 1883-1919
_xBIOGRAFIA
_951642
651 4 _aMéxico
_xHistoria
_yREVOLUCIÓN, 1910-1917
_951643
651 4 _aMéxico
_xHistoria
_95710
049 _aBNGR
999 _c24666
_d24666